000 00402nam a2200169Ia 4500
003 OSt
005 20240306093822.0
008 170619s9999 xx 000 0 und d
020 _a9780070445758
040 _cIIMT ENGINEERING COLLEGE
100 _aJawadekar- W S
245 0 _aManagement information system
260 _bNew Delhi T M H
260 _c2006
546 _aENGLISH
942 _2ddc
_c02
999 _c22131
_d22131